Score 0/21 Timer 03:00
1 Play Today
Clue 4-Letter Word % Correct
Low in temperatureCOLD
95%
Face below the mouthCHIN
92.3%
Young male horseCOLT
89.8%
Throw lightly from the handTOSS
89%
A rolling stone grows no _____MOSS
88.2%
Hollow form in which a thing is shapedMOLD
87.3%
Almost allMOST
87.2%
African Country•CHAD•
86.6%
Layer of paintCOAT
86.4%
Talk in an informal wayCHAT
86.2%
A milkshake made with powderMALT
86%
Clue 4-Letter Word % Correct
Body that revolves around a planetMOON
85.8%
To shed hair or skinMOLT
83.9%
African Country•MALI•
78.2%
A fellowCHAP
77.9%
DebatableMOOT
77.3%
Stamped metal pieceCOIN
76.7%
Small furry mammal with black-ringed tailCOON
76.1%
Electronic circuit on a tiny semiconductorCHIP
74.8%
African Country•TOGO•
58.1%
ClothesTOGS
55.8%

Today's Daily Dose

Remove Ads.
Support Sporcle.
Get the best of Sporcle when you Go Orange. This ad-free experience offers more features, more stats, and more fun while also helping to support Sporcle. Thank you for becoming a member.

You're not logged in!

Compare scores with friends on all Sporcle quizzes.
OR
Log In

Show Comments

Extras

Top Quizzes Today


Score Distribution

Your Account Isn't Verified!

In order to create a playlist on Sporcle, you need to verify the email address you used during registration. Go to your Sporcle Settings to finish the process.

Report this User

Report this user for behavior that violates our Community Guidelines.

Details: